Conductas asociadas a la realizacion de citologia vaginal en la comunidad educativa del programa de enfermeria de la Corporación Universitaria Rafael Nuñez (Registro nro. 3945)
[ vista simple ]
| 000 -LEADER | |
|---|---|
| fixed length control field | 01819nmm a2200289 a 4500 |
| 001 - CONTROL NUMBER | |
| control field | 0000031546 |
| 003 - CONTROL NUMBER IDENTIFIER | |
| control field | CO-CtgCURN |
| 005 - DATE AND TIME OF LATEST TRANSACTION | |
| control field | 20250329165433.0 |
| 007 - PHYSICAL DESCRIPTION FIXED FIELD--GENERAL INFORMATION | |
| fixed length control field | co cga---uuuuu |
| 008 - FIXED-LENGTH DATA ELEMENTS--GENERAL INFORMATION | |
| fixed length control field | 161103s2016 i eng d |
| 040 ## - CATALOGING SOURCE | |
| Original cataloging agency | CO-CtgCURN |
| Language of cataloging | spa |
| Transcribing agency | coctgcurn |
| 082 0# - DEWEY DECIMAL CLASSIFICATION NUMBER | |
| Classification number | ENF 2016 |
| Item number | C317 |
| 100 1# - MAIN ENTRY--PERSONAL NAME | |
| Personal name | Carrillo Blanco, Nile. |
| 245 10 - TITLE STATEMENT | |
| Title | Conductas asociadas a la realizacion de citologia vaginal en la comunidad educativa del programa de enfermeria de la Corporación Universitaria Rafael Nuñez |
| Medium | [electronic resource] / |
| Statement of responsibility, etc. | Kelis Escorcia Marrugo; Milagro Torres Lerna; Vialys Lobo Arellano; Asesor Barrios Puerta, Zorayda. |
| 260 ## - PUBLICATION, DISTRIBUTION, ETC. | |
| Place of publication, distribution, etc. | Cartagena de Indias : |
| Name of publisher, distributor, etc. | Corporación Universitaria Rafael Núñez, |
| Date of publication, distribution, etc. | 2016. |
| 300 ## - PHYSICAL DESCRIPTION | |
| Extent | 1 CD-Rom. |
| 336 ## - CONTENT TYPE | |
| Source | rdacontent |
| 337 ## - MEDIA TYPE | |
| Source | rdamedia |
| Media type term | sin mediacion |
| Media type code | n |
| 338 ## - CARRIER TYPE | |
| Source | rdacarrier |
| Carrier type term | volumen |
| Carrier type code | nc |
| 502 ## - DISSERTATION NOTE | |
| Dissertation note | Trabajo de grado (Enfermera). Corporación Universitaria "Rafael Nuñez" Facultad de Ciencias de la Salud. Programa de Enfermeria, 2016. |
| 520 ## - SUMMARY, ETC. | |
| Summary, etc. | La citologia cervical anormal y el cancer de cuello uterino son mas frecuente entre las mujeres de los paises en desarrollo y ocupa el segundo lugar por orden de frecuencia en todo el mundo, con mas de medio millon de casos nuevos al año. La citologia vaginal puede revelar una lesion precancerosa. El tratamiento de estas lesiones tempranas es sumamente eficaz, mientras que la enfermedad en sus fases mas avanzadas puede ser mortal sin importar cualquier tratamiento que se aplique. |
| 650 #0 - SUBJECT ADDED ENTRY--TOPICAL TERM | |
| Topical term or geographic name entry element | Enfermeria |
| General subdivision | Tesis y Disertaciones academicas. |
| 700 1# - ADDED ENTRY--PERSONAL NAME | |
| Personal name | Escorcia Marrugo, Kelis. |
| 856 ## - ELECTRONIC LOCATION AND ACCESS | |
| Uniform Resource Identifier | <a href="http:// /021375.pdf">http:// /021375.pdf</a> |
| Public note | Click aqui para ver el recurso en texto completo |
| 942 ## - ADDED ENTRY ELEMENTS (KOHA) | |
| Classification part | ENF 2016 |
| Item part | C317 |
| Source of classification or shelving scheme | Dewey Decimal Classification |
| Koha item type | Trabajos de grado |
| Withdrawn status | Lost status | Damaged status | Not for loan | Collection | Home library | Current library | Shelving location | Date acquired | Cost, normal purchase price | Inventory number | Total checkouts | Full call number | Barcode | Date last seen | Price effective from | Koha item type |
|---|---|---|---|---|---|---|---|---|---|---|---|---|---|---|---|---|
| Trabajos de grado | Miguel Henríquez Emiliani | Miguel Henríquez Emiliani | Trabajo de grado | 09/23/2018 | 35000.00 | 021375 | ENF 2016 C317 | 021375 | 03/29/2025 | 03/29/2025 | Trabajos de grado |